The 5 Steps to Success/ (Record no. 190074)

MARC details
000 -LEADER
fixed length control field 00620nam a22001937a 4500
005 - DATE AND TIME OF LATEST TRANSACTION
control field 20220718124534.0
010 ## - LCCN (DPL NO)
LC control number ENG-133640
020 ## - INTERNATIONAL STANDARD BOOK NUMBER
International Standard Book Number 9788192597904
Terms of availability 250.00
035 ## - SYSTEM CONTROL NUMBER
System control number EN-117172
037 ## - SOURCE OF ACQUISITION
Source of stock number/acquisition DBAD/PUB
082 ## - DEWEY DECIMAL CLASSIFICATION NUMBER
Classification number 152.4
100 ## - MAIN ENTRY--PERSONAL NAME
Personal name Veerendranath Yandamoori
245 ## - TITLE STATEMENT
Title The 5 Steps to Success/
Statement of responsibility, etc by Yandamoori Veerendranath ; preface by Ram Gopal Varma
260 ## - PUBLICATION, DISTRIBUTION, ETC. (IMPRINT)
Place of publication, distribution, etc Vijayawada
Name of publisher, distributor, etc Navasahithi Book House
Date of publication, distribution, etc 2013
270 ## - ADDRESS
Address Eluru Road, Near Ramamandiram,
City Vijayawada
Postal code 520002
300 ## - PHYSICAL DESCRIPTION
Extent 367p.
Dimensions 21cm(pbk)
700 ## - ADDED ENTRY--PERSONAL NAME
Personal name preface by Varma Ram Gopal
942 ## - ADDED ENTRY ELEMENTS (KOHA)
Source of classification or shelving scheme Dewey Decimal Classification
Item type English Books
Classification part 152.4
Call number suffix VEE
Holdings
Withdrawn status Lost status Not for loan Collection code Home library Current library Date acquired Source of acquisition Cost, normal purchase price Full call number Barcode Copy number Cost, replacement price Koha item type
      Non-fiction Bawana Bawana 18/07/2022 DBAD/PUB 250.00 152.4 VEE EN-117172 1 250.00 English Books

© Delhi Public Library
Hit Counter
free hit counter